| 000 | 00469nam a2200169Ia 4500 | ||
|---|---|---|---|
| 999 |
_c30157 _d30157 |
||
| 003 | OSt | ||
| 005 | 20210106144741.0 | ||
| 008 | 190216s9999||||xx |||||||||||||| ||und|| | ||
| 040 | _coclc | ||
| 082 |
_a910 _bMUH/M |
||
| 100 |
_aMohammed, Naeem _97856 |
||
| 245 | 0 |
_aMalappuram To Rameswaram / _cNaeem Mohammed |
|
| 260 |
_bN F S Creation, _c2017. _aAreekode: |
||
| 300 | _a76p | ||
| 650 | _aMalayalam | ||
| 942 |
_cBK _2ddc _h910 _iMUH/M _k910 _mMUH/M |
||